[Event "2BLN 2122 SG AE Magdeburg - SK Norderst"]
[Site "?"]
[Date "2022.05.15"]
[Round "6.2"]
[White "Malek, Daniel"]
[Black "Trent, Lawrence"]
[Result "0-1"]
[WhiteElo "2353"]
[BlackElo "2398"]
[PlyCount "88"]
[EventDate "2022.??.??"]

1. e4 c5 2. Nf3 Nc6 3. Bb5 g6 4. O-O Bg7 5. c3 Nf6 6. Re1 O-O 7. d4 d5 8. e5
Ne4 9. Bxc6 bxc6 10. Be3 cxd4 11. cxd4 Rb8 12. Qc1 Bf5 13. Nbd2 Qd7 14. Nxe4
dxe4 15. Nd2 f6 16. Nc4 Be6 17. b3 g5 18. Rd1 Bd5 19. Qd2 h6 20. h4 Qg4 21.
hxg5 hxg5 22. Rac1 f5 23. Bxg5 f4 24. Bxf4 Qxf4 25. Qxf4 Rxf4 26. Ne3 Rbf8 27.
Rd2 Bh6 28. Kf1 R4f7 29. Rc3 e6 30. Ke1 Rg7 31. Kf1 a5 32. Rdc2 Bxe3 33. Rxe3
Rb8 34. Rc5 Rb5 35. Rxb5 cxb5 36. Rc3 a4 37. bxa4 bxa4 38. a3 Rb7 39. Ke2 Rb2+
40. Ke3 Ra2 41. f3 exf3 42. gxf3 Kf7 43. Kf4 Kg6 44. Rd3 Rb2 0-1

[Event "2BLN 2122 SG AE Magdeburg - SK Norderst"]
[Site "?"]
[Date "2022.05.15"]
[Round "6.3"]
[White "Ostrovskiy, Andrey"]
[Black "Sieber, Fiona"]
[Result "1/2-1/2"]
[WhiteElo "2417"]
[BlackElo "2264"]
[PlyCount "94"]
[EventDate "2022.??.??"]

1. e4 c5 2. Nf3 d6 3. d4 cxd4 4. Nxd4 Nf6 5. Nc3 a6 6. a4 e6 7. Bc4 Nc6 8. O-O
Be7 9. Be3 O-O 10. Qe2 Nxd4 11. Bxd4 e5 12. Be3 Bg4 13. Qd3 Rc8 14. a5 Be6 15.
Bb3 Nd7 16. Bd5 Nc5 17. Qe2 Bg5 18. Rfd1 Bxe3 19. Qxe3 Qc7 20. h3 Rfd8 21. Ra3
Nd7 22. Rd2 Nf6 23. Rb3 Qxa5 24. Rxb7 Rb8 25. b4 Qa1+ 26. Rd1 Qb2 27. Rxb8 Rxb8
28. Bxe6 fxe6 29. Rxd6 Rc8 30. Rd3 Qxb4 31. Qd2 Kf7 32. Qe3 Rc7 33. g4 h6 34.
Kg2 a5 35. Qf3 Qb2 36. h4 g5 37. Qg3 Qxc2 38. Rf3 Rc5 39. hxg5 hxg5 40. Nd5
exd5 41. Qxe5 Rc6 42. exd5 Qc5 43. Qxg5 Rd6 44. Qh5+ Kg7 45. Qg5+ Kf7 46. Qh5+
Kg7 47. Qg5+ Kf7 1/2-1/2

[Event "2BLN 2122 SG AE Magdeburg - SK Norderst"]
[Site "?"]
[Date "2022.05.15"]
[Round "6.4"]
[White "Andre, Gordon"]
[Black "Kopylov, Michael"]
[Result "1/2-1/2"]
[WhiteElo "2346"]
[BlackElo "2378"]
[PlyCount "22"]
[EventDate "2022.??.??"]

1. Nf3 Nf6 2. c4 c5 3. Nc3 g6 4. d4 Bg7 5. e4 O-O 6. Be2 cxd4 7. Nxd4 Nc6 8.
Nc2 d6 9. O-O Bd7 10. b3 a6 11. a4 Ne8 1/2-1/2

[Event "2BLN 2122 SG AE Magdeburg - SK Norderst"]
[Site "?"]
[Date "2022.05.15"]
[Round "6.5"]
[White "Michna, Marta"]
[Black "Melamed, Tatjana"]
[Result "0-1"]
[WhiteElo "2317"]
[BlackElo "2353"]
[PlyCount "74"]
[EventDate "2022.??.??"]

1. d4 Nf6 2. Nf3 e6 3. Bf4 d5 4. e3 Bd6 5. Bg3 O-O 6. Nbd2 c5 7. c3 Qc7 8. Ne5
Nbd7 9. f4 b6 10. Bd3 Bb7 11. Qf3 a5 12. a4 Ba6 13. Bc2 b5 14. axb5 Bxb5 15.
Bh4 a4 16. g4 cxd4 17. exd4 a3 18. g5 Bxe5 19. fxe5 Ne4 20. Nxe4 dxe4 21. Bxe4
axb2 22. Rb1 Ra3 23. Rxb2 Rxc3 24. Qf4 Qc4 25. Qd2 Rc1+ 26. Kf2 Rxh1 27. Bxh1
Qf1+ 28. Kg3 Qxh1 29. Rxb5 Qg1+ 30. Qg2 Qxd4 31. Qe2 Rc8 32. g6 Rc3+ 33. Kg2
Qxh4 34. gxf7+ Kxf7 35. Rb7 Qg5+ 36. Kf2 Qh4+ 37. Kg2 Qh3+ 0-1

[Event "2BLN 2122 SG AE Magdeburg - SK Norderst"]
[Site "?"]
[Date "2022.05.15"]
[Round "6.6"]
[White "Paul, Johannes"]
[Black "Michna, Christian"]
[Result "1-0"]
[WhiteElo "2278"]
[BlackElo "2210"]
[PlyCount "83"]
[EventDate "2022.??.??"]

1. d4 g6 2. c4 Bg7 3. e4 d6 4. Nc3 e5 5. Nge2 Nd7 6. Be3 Nh6 7. f3 f6 8. Qd2
Nf7 9. O-O-O c6 10. Kb1 a6 11. Nc1 Qe7 12. Nb3 exd4 13. Nxd4 c5 14. Nde2 Nb6
15. Nf4 Be6 16. Nxe6 Qxe6 17. Nd5 Nxd5 18. Qxd5 Qxd5 19. Rxd5 Ke7 20. Be2 Rhd8
21. h4 h5 22. f4 Bh6 23. Rh3 Rg8 24. Bd2 Nd8 25. Rb3 Rb8 26. Be3 Ne6 27. g3 Nc7
28. Rd1 b5 29. Rbd3 bxc4 30. Rxd6 Nb5 31. Rd7+ Ke8 32. Kc2 Nd4+ 33. Bxd4 Kxd7
34. Bxf6+ Kc6 35. Bxc4 Bg7 36. Bxg8 Bxf6 37. e5 Rxg8 38. Rd6+ Kb5 39. Rxf6 a5
40. Kc3 c4 41. Rd6 Kc5 42. Rd4 1-0

[Event "2BLN 2122 SG AE Magdeburg - SK Norderst"]
[Site "?"]
[Date "2022.05.15"]
[Round "6.7"]
[White "Meyer, Falko"]
[Black "Schoene, Maria"]
[Result "1-0"]
[WhiteElo "2209"]
[BlackElo "2222"]
[PlyCount "79"]
[EventDate "2022.??.??"]

1. d4 Nf6 2. Nc3 c5 3. d5 e5 4. e4 d6 5. f4 exf4 6. Bxf4 Be7 7. Nf3 O-O 8. Qd2
Re8 9. Bb5 Bd7 10. Bxd7 Qxd7 11. O-O b5 12. Rae1 b4 13. Nd1 a5 14. c4 Na6 15.
Nf2 Ng4 16. Nxg4 Qxg4 17. e5 Qd7 18. Bg3 Rf8 19. Re2 Nc7 20. exd6 Bxd6 21. Bxd6
Qxd6 22. Rfe1 Rfe8 23. Ng5 Qd7 24. Qf4 Rxe2 25. Rxe2 h6 26. Ne4 Na6 27. h3 Re8
28. Kf2 f5 29. Ng3 Rf8 30. Re6 Nc7 31. Rc6 Nxd5 32. cxd5 Qxd5 33. Qd6 Qxa2 34.
Rxc5 Qxb2+ 35. Kg1 f4 36. Nf5 b3 37. Ne7+ Kh7 38. Qd3+ Kh8 39. Ng6+ Kg8 40.
Qd5+ 1-0

[Event "2BLN 2122 SG AE Magdeburg - SK Norderst"]
[Site "?"]
[Date "2022.05.15"]
[Round "6.8"]
[White "Brueggemann, Florian"]
[Black "Zierke, Oliver"]
[Result "0-1"]
[WhiteElo "1967"]
[BlackElo "2227"]
[PlyCount "104"]
[EventDate "2022.??.??"]

1. e4 c5 2. Nf3 Nc6 3. Bc4 d6 4. c3 Nf6 5. Qe2 Bg4 6. Bb3 e6 7. d3 Be7 8. Nbd2
O-O 9. h3 Bh5 10. Nf1 d5 11. Bc2 Qc7 12. g4 Bg6 13. Nh4 dxe4 14. Nxg6 hxg6 15.
dxe4 Bd6 16. Be3 Na5 17. h4 Bf4 18. f3 Rfd8 19. Rd1 Rxd1+ 20. Kxd1 b5 21. Bxf4
Qxf4 22. Qe3 Qc7 23. h5 Nc4 24. Qc1 Rd8+ 25. Ke2 gxh5 26. g5 Nh7 27. Rxh5 g6
28. Rh4 Qe7 29. Rg4 Ne5 30. Rg3 c4 31. f4 Nc6 32. e5 Qc5 33. Qe3 Qd5 34. Nd2
Ne7 35. Rg1 Nf5 36. Bxf5 exf5 37. Nf3 Nf8 38. e6 Nxe6 39. Qe5 Qe4+ 40. Qxe4
fxe4 41. Nd4 Nxd4+ 42. cxd4 Rxd4 43. Ke3 Rd3+ 44. Kxe4 Rd2 45. Rb1 Kf8 46. Ke3
Rd6 47. a4 a6 48. axb5 axb5 49. Ra1 Ke7 50. Ra5 Rd5 51. Ke4 Ke6 52. Ra8 Rd2 0-1

[Event "2BLN 2122 SK Norderstedt - SK Zehlendor"]
[Site "?"]
[Date "2022.05.14"]
[Round "5.1"]
[White "Sawlin, Leonid"]
[Black "Barski, Radoslaw"]
[Result "0-1"]
[WhiteElo "2405"]
[BlackElo "2434"]
[PlyCount "118"]
[EventDate "2022.??.??"]

1. e4 e5 2. Nf3 Nc6 3. Bc4 Bc5 4. O-O Nf6 5. d3 a6 6. c3 d6 7. Re1 Ba7 8. Bb3
O-O 9. h3 h6 10. Nbd2 Be6 11. Bc2 Re8 12. Nf1 d5 13. Qe2 Qd7 14. Ng3 Rad8 15.
Kh2 b5 16. Nh4 dxe4 17. dxe4 Ne7 18. a4 g5 19. Rd1 Qc8 20. Qf3 Nh7 21. Nhf5
Bxf5 22. exf5 Rxd1 23. Bxd1 Nf6 24. axb5 e4 25. Qe2 Nxf5 26. Rxa6 Bb6 27. Nxf5
Qxf5 28. Be3 Nd5 29. Bxb6 cxb6 30. Qg4 Qxf2 31. Qe2 e3 32. Qf3 Qxf3 33. Bxf3 e2
34. Ra1 e1=Q 35. Rxe1 Rxe1 36. Bxd5 Rb1 37. b4 Kg7 38. Kg3 Rc1 39. c4 Rb1 40.
Kg4 Rxb4 41. Kf5 Kf8 42. Kf6 Rb2 43. Be4 Rf2+ 44. Ke5 Ke7 45. Kd5 Kd7 46. Bf3
f6 47. Bg4+ f5 48. Bf3 h5 49. Bxh5 Rxg2 50. c5 Rd2+ 51. Ke5 bxc5 52. Kxf5 Rd5+
53. Ke4 Kd6 54. Bf7 Re5+ 55. Kd3 Rf5 56. Bh5 Rf4 57. Kc3 Kc7 58. Bg4 Kb6 59.
Be2 Rf2 0-1

[Event "2BLN 2122 SK Norderstedt - SK Zehlendor"]
[Site "?"]
[Date "2022.05.14"]
[Round "5.2"]
[White "Trent, Lawrence"]
[Black "Lagunow, Raphael"]
[Result "0-1"]
[WhiteElo "2398"]
[BlackElo "2396"]
[Annotator "mkopy"]
[PlyCount "78"]
[EventDate "2022.??.??"]

1. d4 e6 2. Nf3 Nf6 3. Bf4 c5 4. e3 Qb6 5. Nc3 cxd4 6. exd4 a6 7. a3 d5 8. Bd3
Bd7 9. O-O Qxb2 10. Qd2 Qb6 11. Rfb1 Qa7 12. Ne5 Nc6 13. Bb5 $4 (13. Ne2 $44)
13... axb5 14. Nxb5 Qa5 15. Nxc6 Bxc6 16. Nc7+ Kd7 17. Nxa8 Qxa8 $19 18. a4 Ne4
19. Qe1 Qa7 20. f3 Qxd4+ 21. Be3 Qxe3+ 22. Qxe3 Bc5 23. Qxc5 Nxc5 24. a5 Ra8
25. Rb4 e5 26. Ra3 Kd6 27. f4 e4 28. Kf2 f5 29. Ke3 Ne6 30. c3 Kc5 31. Rb2 Nd8
32. a6 Rxa6 33. Rxa6 bxa6 34. Rb8 Ne6 35. g4 fxg4 36. f5 d4+ 37. cxd4+ Nxd4 38.
Kf4 Nc2 39. Rb3 Ba4 0-1

[Event "2BLN 2122 SK Norderstedt - SK Zehlendor"]
[Site "?"]
[Date "2022.05.14"]
[Round "5.3"]
[White "Baskin, Robert"]
[Black "Ostrovskiy, Andrey"]
[Result "1-0"]
[WhiteElo "2392"]
[BlackElo "2417"]
[PlyCount "61"]
[EventDate "2022.??.??"]

1. Nf3 Nf6 2. c4 e6 3. g3 d5 4. d4 Be7 5. Bg2 O-O 6. O-O c6 7. Nc3 b6 8. Ne5
Bb7 9. e4 dxc4 10. Nxc4 Ba6 11. b3 b5 12. Ne3 b4 13. Ne2 Bxe2 14. Qxe2 Qxd4 15.
Bb2 Qb6 16. g4 Rd8 17. g5 Ne8 18. Kh1 Nd7 19. f4 Bc5 20. Nc4 Qc7 21. Rac1 a5
22. Qh5 Nf8 23. Ne5 Bd4 24. Bxd4 Rxd4 25. Nxc6 Rd2 26. f5 g6 27. Qh6 exf5 28.
exf5 Qd6 29. f6 Ne6 30. Ne7+ Kh8 31. Bxa8 1-0

[Event "2BLN 2122 SK Norderstedt - SK Zehlendor"]
[Site "?"]
[Date "2022.05.14"]
[Round "5.4"]
[White "Kopylov, Michael"]
[Black "Meister, Jakob"]
[Result "1/2-1/2"]
[WhiteElo "2378"]
[BlackElo "2418"]
[PlyCount "41"]
[EventDate "2022.??.??"]

1. d4 d5 2. c4 dxc4 3. Nf3 Nf6 4. e3 e6 5. Bxc4 a6 6. O-O c5 7. dxc5 Bxc5 8.
Qxd8+ Kxd8 9. Nbd2 Ke7 10. Be2 Rd8 11. b3 Bb4 12. a3 Bd6 13. Nc4 Bc7 14. a4 Nc6
15. Ba3+ Ke8 16. Rac1 Ne4 17. Nd4 Bd7 18. Bf3 Nxd4 19. exd4 Bc6 20. Rfe1 f5 21.
Red1 1/2-1/2

[Event "2BLN 2122 SK Norderstedt - SK Zehlendor"]
[Site "?"]
[Date "2022.05.14"]
[Round "5.5"]
[White "Lagunow, Alexander"]
[Black "Petrosian, Suren"]
[Result "1-0"]
[WhiteElo "2367"]
[BlackElo "2357"]
[PlyCount "55"]
[EventDate "2022.??.??"]

1. e4 c5 2. c3 e6 3. d4 d5 4. exd5 exd5 5. Be3 c4 6. b3 cxb3 7. axb3 Nc6 8. Bd3
Bd6 9. Qf3 Nge7 10. Ne2 O-O 11. h3 Be6 12. Bf4 f6 13. Nd2 Bf7 14. Qg3 Bxf4 15.
Nxf4 Re8 16. O-O Qd6 17. Qg4 g5 18. Nh5 Bg6 19. Qf3 Kf7 20. Rfe1 Ng8 21. h4
gxh4 22. Nf4 h3 23. Rxe8 Rxe8 24. Nxh3 Bxd3 25. Qxd3 Kg7 26. Nf1 Re6 27. Ng3
Nge7 28. Nf5+ 1-0

[Event "2BLN 2122 SK Norderstedt - SK Zehlendor"]
[Site "?"]
[Date "2022.05.14"]
[Round "5.8"]
[White "Bohnsack, Ralf"]
[Black "Floeel, Helmut"]
[Result "1/2-1/2"]
[WhiteElo "2163"]
[BlackElo "2062"]
[PlyCount "24"]
[EventDate "2022.??.??"]

1. d4 Nf6 2. Nf3 d5 3. c4 e6 4. Nc3 c6 5. cxd5 exd5 6. Bg5 h6 7. Bh4 g5 8. Bg3
Ne4 9. Be5 f6 10. Bxb8 Rxb8 11. e3 Qa5 12. Qc2 Bb4 1/2-1/2

[Event "2BLN 2122 SC Rotation Pankow - SK Norde"]
[Site "?"]
[Date "2022.05.01"]
[Round "4.1"]
[White "Barski, Radoslaw"]
[Black "Szelag, Marcin"]
[Result "0-1"]
[WhiteElo "2434"]
[BlackElo "2419"]
[PlyCount "80"]
[EventDate "2022.??.??"]

1. e4 c5 2. Nc3 d6 3. d4 cxd4 4. Qxd4 Nc6 5. Qd2 g6 6. b3 e5 7. Ba3 Qa5 8. Nb5
Qxd2+ 9. Kxd2 Kd7 10. c4 f5 11. exf5 gxf5 12. Ne2 Nf6 13. Rd1 d5 14. cxd5 Ne4+
15. Kc2 Nb4+ 16. Bxb4 Bxb4 17. f4 a6 18. Nbc3 Nf2 19. Rg1 Nxd1 20. Nxd1 exf4
21. Nxf4 Bc5 22. Rh1 Kd6 23. Bd3 Bd7 24. Rf1 Rac8 25. Kb1 Rhf8 26. Nc3 Rce8 27.
Nce2 Re3 28. Ng3 Ke5 29. Bc4 b5 30. Bd3 a5 31. Bc2 Ba3 32. Nge2 Rf6 33. Bd3 Rh6
34. h3 Rf6 35. Nc3 Rb6 36. Kc2 Bb4 37. Nce2 Rb8 38. Kb2 Rc8 39. a3 Be7 40. g3
Kd6 0-1

[Event "2BLN 2122 SC Rotation Pankow - SK Norde"]
[Site "?"]
[Date "2022.05.01"]
[Round "4.2"]
[White "Tomczak, Rafal"]
[Black "Trent, Lawrence"]
[Result "1/2-1/2"]
[WhiteElo "2310"]
[BlackElo "2398"]
[PlyCount "133"]
[EventDate "2022.??.??"]

1. e4 e5 2. Nf3 Nc6 3. Bb5 a6 4. Bxc6 dxc6 5. Nc3 Bd6 6. d3 Ne7 7. h3 f6 8. Be3
c5 9. Qd2 Be6 10. Ne2 Qd7 11. a3 Nc6 12. c3 O-O-O 13. b4 Be7 14. Nc1 c4 15. d4
f5 16. d5 fxe4 17. dxc6 Qe8 18. cxb7+ Kxb7 19. Nd4 exd4 20. cxd4 Qg6 21. Ne2
Qxg2 22. O-O-O Qg6 23. Qc3 Bd5 24. Rhg1 Qf7 25. Kc2 Bc6 26. Rd2 Rd5 27. Nf4 Rf5
28. d5 Ba4+ 29. Kc1 Rxf4 30. Qd4 Rf6 31. Qa7+ Kc8 32. d6 Bxd6 33. Qxa6+ Kd7 34.
Qxa4+ Ke7 35. Bg5 c3 36. Bxf6+ gxf6 37. Rc2 Rg8 38. Re1 f5 39. Kb1 Qc4 40. Ka1
Be5 41. Qa5 Ke6 42. Rb1 Rd8 43. Qc5 Qxc5 44. bxc5 Ra8 45. Ka2 Kd5 46. Rb4 Kxc5
47. Kb3 Kd5 48. a4 f4 49. Re2 Bd4 50. Rb7 Bb6 51. Ra2 Kd4 52. a5 Rxa5 53. Rxa5
Bxa5 54. Kc2 e3 55. fxe3+ Kxe3 56. Rb5 Bb6 57. Re5+ Kf3 58. Kxc3 Kg3 59. Rh5 f3
60. Kd3 f2 61. Ke2 Kg2 62. Rf5 Kxh3 63. Rh5+ Kg2 64. Rg5+ Kh3 65. Rh5+ Kg3 66.
Rxh7 Kf4 67. Rxc7 1/2-1/2

[Event "2BLN 2122 SC Rotation Pankow - SK Norde"]
[Site "?"]
[Date "2022.05.01"]
[Round "4.5"]
[White "(), Michael"]
[Black "Seils, Joerg"]
[Result "1-0"]
[WhiteElo "2378"]
[BlackElo "2323"]
[PlyCount "69"]
[EventDate "2022.??.??"]

1. Nf3 Nf6 2. c4 e6 3. g3 d5 4. Bg2 Be7 5. O-O O-O 6. d4 Nbd7 7. Qc2 c6 8. Nbd2
Re8 9. Rd1 b6 10. e4 dxe4 11. Ne5 Bb7 12. Nxe4 Nxe4 13. Bxe4 Nxe5 14. dxe5 Qc7
15. Bxh7+ Kh8 16. Be4 Rad8 17. Bf4 g5 18. Qe2 Kg7 19. Qg4 Rxd1+ 20. Rxd1 Rd8
21. Re1 Kf8 22. Bxg5 Bxg5 23. Qxg5 Rd4 24. h4 c5 25. Bxb7 Qxb7 26. h5 Qe7 27.
Qxe7+ Kxe7 28. b3 Kf8 29. Re2 Kg7 30. f3 Kh6 31. g4 Kg5 32. Kf2 Rd3 33. Kg3 a5
34. Re4 Rd2 35. Rf4 1-0

[Event "2BLN 2122 SC Rotation Pankow - SK Norde"]
[Site "?"]
[Date "2022.05.01"]
[Round "4.7"]
[White "Meyer, Falko"]
[Black "Guth, Thomas"]
[Result "1/2-1/2"]
[WhiteElo "2209"]
[BlackElo "2257"]
[PlyCount "34"]
[EventDate "2022.??.??"]

1. d4 e6 2. Nc3 d5 3. e4 Bb4 4. exd5 exd5 5. Nf3 Nf6 6. Bd3 O-O 7. O-O Bg4 8.
h3 Bh5 9. Bg5 Be7 10. Re1 Nc6 11. Be2 h6 12. Bh4 Ne4 13. Bxe7 Nxe7 14. Nxe4
dxe4 15. Ne5 Bxe2 16. Qxe2 Qxd4 17. Qxe4 Qxe4 {(=)} 1/2-1/2

[Event "2BLN 2122 SC Rotation Pankow - SK Norde"]
[Site "?"]
[Date "2022.05.01"]
[Round "4.8"]
[White "Bruchmann, Stephan"]
[Black "Hagenstein, Frank"]
[Result "1/2-1/2"]
[WhiteElo "2209"]
[BlackElo "2234"]
[PlyCount "38"]
[EventDate "2022.??.??"]

1. e4 e5 2. Nf3 Nf6 3. Nxe5 d6 4. Nf3 Nxe4 5. Nc3 Nxc3 6. dxc3 Be7 7. Be3 O-O
8. Be2 Nd7 9. h3 Re8 10. Qd2 Nf6 11. Bd3 d5 12. O-O c5 13. c4 a6 14. cxd5 Qxd5
15. c4 Qc6 16. Ne5 Qc7 17. Nf3 Qc6 18. Ne5 Qc7 19. Nf3 Qc6 1/2-1/2

[Event "2BLN 2122 SK Norderstedt - SF Berlin II"]
[Site "?"]
[Date "2022.04.30"]
[Round "3.3"]
[White "Lauber, Arnd"]
[Black "Ostrovskiy, Andrey"]
[Result "1/2-1/2"]
[WhiteElo "2411"]
[BlackElo "2417"]
[PlyCount "76"]
[EventDate "2022.??.??"]

1. d4 Nf6 2. c4 e6 3. Nc3 Bb4 4. e3 b6 5. Bd3 Bb7 6. Nf3 O-O 7. O-O Re8 8. Bd2
d6 9. a3 Bxc3 10. Bxc3 Nbd7 11. b4 e5 12. Bc2 Qe7 13. d5 c6 14. e4 b5 15. dxc6
Bxc6 16. cxb5 Bxe4 17. Bb3 Rac8 18. Bb2 Nb6 19. Re1 Qd7 20. a4 Bd5 21. h3 Nc4
22. Bc1 h6 23. Nd2 Nxd2 24. Bxd2 Bxb3 25. Qxb3 d5 26. Rad1 Qf5 27. Qg3 Ne4 28.
Qf3 Qxf3 29. gxf3 Nxd2 30. Rxd2 d4 31. f4 Rc4 32. Rxe5 Rxe5 33. fxe5 Rxb4 34.
Ra2 Kf8 35. Kg2 Rb3 36. Rd2 Rb4 37. Ra2 Rb3 38. Rd2 Rb4 1/2-1/2

[Event "2BLN 2122 SK Norderstedt - SF Berlin II"]
[Site "?"]
[Date "2022.04.30"]
[Round "3.4"]
[White "Kuberczyk, Christoph"]
[Black "Baum, Jonasz"]
[Result "1/2-1/2"]
[WhiteElo "2296"]
[BlackElo "2355"]
[PlyCount "79"]
[EventDate "2022.??.??"]

1. d4 Nf6 2. c4 e6 3. Nf3 d5 4. g3 dxc4 5. Bg2 a6 6. O-O Nc6 7. Bg5 Be7 8. e3
O-O 9. Nbd2 e5 10. Nxe5 Nxe5 11. dxe5 Ng4 12. Bxe7 Qxe7 13. Nxc4 Nxe5 14. Nxe5
Qxe5 15. Qd4 Qe7 16. Rfc1 Rd8 17. Qc3 c6 18. b4 Be6 19. a4 h6 20. Rab1 Rac8 21.
h3 Rd6 22. Rd1 Rcd8 23. Rxd6 Qxd6 24. h4 Qd2 25. Qxd2 Rxd2 26. b5 Ba2 27. Rc1
axb5 28. axb5 cxb5 29. Rc8+ Kh7 30. Be4+ g6 31. Rc7 Kg7 32. Rxb7 Rb2 33. Bc6 b4
34. e4 Kf6 35. Bd5 Bxd5 36. exd5 b3 37. d6 Rb1+ 38. Kg2 b2 39. Kf3 Rd1 40. Rxb2
1/2-1/2

[Event "2BLN 2122 SK Norderstedt - SF Berlin II"]
[Site "?"]
[Date "2022.04.30"]
[Round "3.5"]
[White "Florstedt, Johannes"]
[Black "Kopylov, Michael"]
[Result "1-0"]
[WhiteElo "2316"]
[BlackElo "2378"]
[Annotator "mkopy"]
[PlyCount "47"]
[EventDate "2022.??.??"]

1. e4 Nf6 2. e5 Nd5 3. d4 d6 4. c4 Nb6 5. f4 dxe5 6. fxe5 Nc6 7. Be3 Bf5 8. Nc3
e6 9. Nf3 Bb4 10. Be2 O-O 11. O-O Na5 12. c5 Bxc3 13. cxb6 $6 Bxb2 14. Rb1 Bxb1
$2 (14... Ba3 $1 15. Qa4 axb6 16. Qxa3 Bxb1 17. Rxb1 Nc4 18. Qd3 Nxe3 19. Qxe3
Rxa2 $11) 15. Qxb1 Bxd4 16. Bxd4 axb6 17. Be3 {[%csl Rh7][%cal Gf3g5]} Nc6 18.
Ng5 g6 19. Qe4 Rxa2 $4 (19... Ra3 20. Qh4 h5 21. Bxh5 gxh5 22. Qe4 $4 (22. Qxh5
Qd3 23. Nxf7 Qxf1+ 24. Kxf1 Rxf7+ 25. Kg1 $14) 22... Qd3 $19) 20. Qh4 h5 21.
Bxh5 gxh5 22. Qe4 Rxg2+ 23. Qxg2 Qd5 24. Qc2 1-0

[Event "2BLN 2122 SK Norderstedt - SF Berlin II"]
[Site "?"]
[Date "2022.04.30"]
[Round "3.6"]
[White "Michna, Marta"]
[Black "Polzin, Rainer"]
[Result "0-1"]
[WhiteElo "2314"]
[BlackElo "2393"]
[PlyCount "62"]
[EventDate "2022.??.??"]

1. d4 Nf6 2. Nf3 d6 3. h3 g6 4. c3 Bg7 5. Bf4 O-O 6. Nbd2 Nbd7 7. e3 b6 8. Be2
Bb7 9. O-O c5 10. a4 a6 11. Bh2 Ra7 12. b4 Qa8 13. Qb3 Ne4 14. Nc4 Bd5 15. Qb2
Rc7 16. Rfc1 cxd4 17. cxd4 Rfc8 18. Nfd2 Nxd2 19. Nxd2 Bxg2 20. Bxa6 Bxh3 21.
Bf1 Bxf1 22. Nxf1 Rxc1 23. Rxc1 Rxc1 24. Qxc1 Qxa4 25. Qc7 Bf8 26. Qd8 Qb5 27.
Qc8 Qg5+ 28. Bg3 Nf6 29. Qc6 h5 30. Nh2 h4 31. Nf3 Qd5 0-1

[Event "2BLN 2122 SK Norderstedt - SF Berlin II"]
[Site "?"]
[Date "2022.04.30"]
[Round "3.7"]
[White "Ahlander, Bjorn"]
[Black "Hagenstein, Frank"]
[Result "1-0"]
[WhiteElo "2366"]
[BlackElo "2234"]
[PlyCount "72"]
[EventDate "2022.??.??"]

1. d4 Nf6 2. c4 e6 3. Nc3 d5 4. Nf3 c5 5. cxd5 Nxd5 6. e3 Nc6 7. Bd3 Be7 8. O-O
cxd4 9. exd4 O-O 10. Re1 Bf6 11. Be4 Nce7 12. Qd3 h6 13. Ne5 Nxc3 14. Qxc3 Nf5
15. Be3 Nxe3 16. Rxe3 Qb6 17. Rd1 Rd8 18. Bc2 Bxe5 19. Rxe5 Bd7 20. Qd3 g6 21.
h4 Be8 22. h5 Rd6 23. hxg6 fxg6 24. Qg3 Kg7 25. Re3 Rd5 26. Rb3 Rb5 27. Rxb5
Qxb5 28. Bb3 Qf5 29. Re1 Bf7 30. Qc7 Re8 31. Qxb7 a5 32. Qc7 Kg8 33. Qc1 Kg7
34. Re3 Qf6 35. Rf3 Qe7 36. Qf4 Qg5 1-0